Bulletin du FMI volume 36, n 13, novembre 2007.

Plaidoyer pour un FMI plus robuste ; Perspectives de l'economie mondiale ; Strauss-Kahn prend la tete du FMI ; communique du CMFI ; mondialisation ; cycle economique mondial ; flux de capitaux ; seminaires lors de l'assemblee annuelle ; perspectives economiques asiatiques ; perspectives ec...

Celý popis

Podrobná bibliografie
Korporativní autor: International Monetary Fund. External Relations Dept
Médium: Časopis
Jazyk:English
Vydáno: Washington, D.C. : International Monetary Fund, 2004.
Edice:IMF Survey; IMF Survey ; No. 0036/013
On-line přístup:Full text available on IMF
LEADER 01431cas a2200253 a 4500
001 AALejournalIMF009693
008 230101c9999 xx r poo 0 0eng d
020 |c 5.00 USD 
020 |z 9781451946550 
022 |a 0047-083X 
040 |a BD-DhAAL  |c BD-DhAAL 
110 2 |a International Monetary Fund.  |b External Relations Dept. 
240 1 0 |a Bulletin du FMI vol. 36, n 13, novembre 2007.  |l French 
245 1 0 |a Bulletin du FMI volume 36, n 13, novembre 2007. 
264 1 |a Washington, D.C. :  |b International Monetary Fund,  |c 2004. 
300 |a 1 online resource (16 pages) 
490 1 |a IMF Survey 
500 |a <strong>Off-Campus Access:</strong> No User ID or Password Required 
500 |a <strong>On-Campus Access:</strong> No User ID or Password Required 
506 |a Electronic access restricted to authorized BRAC University faculty, staff and students 
520 3 |a Plaidoyer pour un FMI plus robuste ; Perspectives de l'economie mondiale ; Strauss-Kahn prend la tete du FMI ; communique du CMFI ; mondialisation ; cycle economique mondial ; flux de capitaux ; seminaires lors de l'assemblee annuelle ; perspectives economiques asiatiques ; perspectives economiques africaines ; point sur l'actualite. 
538 |a Mode of access: Internet 
830 0 |a IMF Survey; IMF Survey ;  |v No. 0036/013 
856 4 0 |z Full text available on IMF  |u http://elibrary.imf.org/view/journals/023/0036/013/023.0036.issue-013-fr.xml  |z IMF e-Library